Word Ladder: Colorful Precipitation Quiz Stats

 Plays Quiz Updated May 16, 2018

Challenge
Share
Tweet
Embed
Score 0/39 Timer 04:00
3 Plays Today
Clue 4-Letter Word % Correct
Top olympic medal•GOLD•
96.6%
Dairy productMILK
95.6%
Citrus fruit•LIME•
95.6%
Abel's brotherCAIN
94.3%
Bread spoilerMOLD
93.9%
Connector of two pointsLINE
93.1%
GentleMILD
92.2%
HighwayROAD
92%
Evergreen treePINE
91.8%
Mammal bred for valuable furMINK
91.3%
Walk with difficultyLIMP
91.2%
Singer of 'Glitter in the Air'•PINK•
91.1%
Reynolds who plays DeadpoolRYAN
90.5%
Like aged hair•GRAY•
90.1%
Sad•BLUE•
89.9%
Prod or irritateGOAD
88.9%
Forward part of the lower jawCHIN
88.7%
AdhesiveGLUE
88.5%
Ink with yellow and magenta•CYAN•
88.3%
Classic horse color•ROAN•
86.1%
Clue 4-Letter Word % Correct
Fictional detective CharlieCHAN
86%
MiserableGLUM
84.4%
Troublesome childBRAT
82.8%
Tart flavorSOUR
82.3%
Donkey soundBRAY
82.3%
Very happy about somethingGLAD
82.1%
AlumGRAD
80.2%
Early Bowie style of musicGLAM
80.2%
TempoBEAT
79.1%
NoduleLUMP
77.8%
Make unclear or cloudyBLUR
77.7%
Pronounce indistinctlySLUR
76.9%
Liquid foodSOUP
76.8%
Back endRUMP
74.2%
Sudden takeoverCOUP
74.2%
Play about boisterouslyROMP
69.6%
Free ticketCOMP
68.4%
* Boyfriend *•BEAU•
56.6%
* South Korean pop star *•RAIN•
51.4%

Today's Daily Dose

You're not logged in!

Compare scores with friends on all Sporcle quizzes.
OR
Log In

You Might Also Like...

Show Comments

Extras

Top Quizzes Today


Score Distribution

Your Account Isn't Verified!

In order to create a playlist on Sporcle, you need to verify the email address you used during registration. Go to your Sporcle Settings to finish the process.

Report this User

Report this user for behavior that violates our Community Guidelines.

Details: